Determination Of Illicit Drug Metabolites In Waste Water In Selected WasteWater Treatment Plants Kenya. (Record no. 266308)
[ view plain ]
| 000 -LEADER | |
|---|---|
| fixed length control field | 00486nam a22001577a 4500 |
| 003 - CONTROL NUMBER IDENTIFIER | |
| control field | OSt |
| 005 - DATE AND TIME OF LATEST TRANSACTION | |
| control field | 20260526091533.0 |
| 008 - FIXED-LENGTH DATA ELEMENTS--GENERAL INFORMATION | |
| fixed length control field | 260526b |||||||| |||| 00| 0 eng d |
| 024 ## - OTHER STANDARD IDENTIFIER | |
| Source of number or code | MCHE/6001/2021 |
| 040 ## - CATALOGING SOURCE | |
| Transcribing agency | Rongo University |
| 050 ## - LIBRARY OF CONGRESS CALL NUMBER | |
| Classification number | QD271 |
| Item number | .O25 2025 |
| 100 ## - MAIN ENTRY--PERSONAL NAME | |
| Personal name | Ochieng John Kevine |
| 245 ## - TITLE STATEMENT | |
| Title | Determination Of Illicit Drug Metabolites In Waste Water In Selected WasteWater Treatment Plants Kenya. |
| 260 ## - PUBLICATION, DISTRIBUTION, ETC. (IMPRINT) | |
| Place of publication, distribution, etc | Rongo. Kenya |
| Name of publisher, distributor, etc | Rongo University |
| Date of publication, distribution, etc | 2025 |
| 942 ## - ADDED ENTRY ELEMENTS (KOHA) | |
| Source of classification or shelving scheme | Library of Congress Classification |
| Koha item type | Reference |
| Withdrawn status | Lost status | Source of classification or shelving scheme | Damaged status | Not for loan | Home library | Current library | Shelving location | Date acquired | Total Checkouts | Full call number | Barcode | Date last seen | Price effective from | Koha item type |
|---|---|---|---|---|---|---|---|---|---|---|---|---|---|---|
| Library of Congress Classification | Rongo University Library | Rongo University Library | Reference | 26/05/2026 | QD271 .O25 2025 | RU/SSAES/2025/153 | 26/05/2026 | 26/05/2026 | Thesis |
